Az értékesítés vállalatgazdasági elemzése a Di-Fer cégcsoportnál

Bibliográfiai részletek
Szerző: Mayer Dóra
További közreműködők: Katz György
Dokumentumtípus: Projektmunka
Kulcsszavak:Értékesítés
Online Access:http://dolgozattar.uni-bge.hu/22065

MARC

LEADER 00000nnm a2200000 i 4500
001 dolg22065
005 20190906143054.0
008 190515suuuu hu o 000 hun d
040 |a BGE Dolgozattár Repozitórium  |b hun 
041 |a hu 
100 1 |a Mayer Dóra 
245 1 3 |a Az értékesítés vállalatgazdasági elemzése a Di-Fer cégcsoportnál  |c Mayer Dóra  |h [elektronikus dokumentum] 
246 1 1 |a Az értékesítés vállalatgazdasági elemzése a Di-Fer cégcsoportnál 
516 |a Project_work 
695 |a Értékesítés 
700 1 |a Katz György  |e ths 
856 4 0 |u http://dolgozattar.uni-bge.hu/22065/1/20190514120117180.pdf  |z Dokumentum-elérés 
856 4 0 |u http://dolgozattar.uni-bge.hu/22065/2/Mayer%20D%C3%B3ra.pdf  |z Dokumentum-elérés